000 00759nam a22002417a 4500
003 UA-OsUOA
001 120598
007 ta
008 20170208b un ||||| |||| 00| 0 ukr d
100 _aПашков А.П.
700 _aБарановська А.С.
700 _aТелюкова Ю.М.
090 _a32
_bП22
942 _cSA
040 _aUA-OsUOA
_bukr
_cUA-OsUOA
_dUA-OsUOA
245 _aАналіз загроз національної безпеки України та передовий досвід щодо їх розв'язання
300 _aС.20-25
955 _a0
041 _aukr
080 _a32
773 0 _w120597
_tБезпека життєдіяльності
_dК.
_d2017
_g1
650 7 _a32 Політика
_2UDC
999 _c406769
_d406769